Uncertain prices and segmentation of market as a survival strategy:The case of latex processing industry in India (Record no. 71737)

MARC details
000 -LEADER
fixed length control field 00494nam a2200157Ia 4500
100 ## - MAIN ENTRY--AUTHOR NAME
Personal name Joseph Joby
245 #0 - TITLE STATEMENT
Title Uncertain prices and segmentation of market as a survival strategy:The case of latex processing industry in India
260 ## - PUBLICATION, DISTRIBUTION, ETC. (IMPRINT)
Name of publisher Rubber Science
Year of publication Dec-13
300 ## - PHYSICAL DESCRIPTION
Number of Pages 297-303
650 ## - SUBJECT ADDED ENTRY--TOPICAL TERM
Topical Term Centrifuged latex
650 ## - SUBJECT ADDED ENTRY--TOPICAL TERM
Topical Term Latex processing industry
650 ## - SUBJECT ADDED ENTRY--TOPICAL TERM
Topical Term Preseved field latex
700 ## - ADDED ENTRY--PERSONAL NAME
Personal name George Tharian K
942 ## - ADDED ENTRY ELEMENTS (KOHA)
Koha item type Journals
Holdings
Withdrawn status Lost status Damaged status Not for loan Home library Current library Date acquired Serial Enumeration / chronology Koha item type
      Journals RRII Library RRII Library 19/02/2014 Volume 26, Issue 2 Journals